Сборник избранных трудов академика А. Н. Баха

Bibliografiske detaljer
Hovedforfatter: Бах А. Н. Алексей Николаевич
Institution som forfatter: Академия наук СССР (АН СССР)
Summary:Сборник содержит ряд избранных трудов академика А. Н. Баха, напечатанных им на протяжении многих лет (1893-1936) в различных русских и иностранных научных журналах.
Sprog:russisk
Udgivet: Ленинград, ОНТИ ХИМТЕОРЕТ, 1937
Fag:
Format: MixedMaterials Bog
KOHA link:https://koha.lib.tpu.ru/cgi-bin/koha/opac-detail.pl?biblionumber=375025

MARC

LEADER 00000nam0a2200000 4500
001 375025
005 20231102012711.0
010 |b 1500 экз. 
035 |a (RuTPU)RU\TPU\retro\32460 
035 |a RU\TPU\book\275228 
090 |a 375025 
100 |a 20221220d1937 k y0rusy50 ca 
101 0 |a rus 
102 |a RU 
105 |a c z 001zy 
200 1 |a Сборник избранных трудов академика А. Н. Баха  |f А. Н. Бах  |g Академия наук СССР (АН СССР) 
210 |a Ленинград  |c ОНТИ ХИМТЕОРЕТ  |d 1937 
215 |a 732 с.  |c портр. 
300 |a Сборник содержит ряд избранных трудов академика А. Н. Баха, напечатанных им на протяжении многих лет (1893-1936) в различных русских и иностранных научных журналах. 
320 |a Библиогр. в конце ст. 
320 |a Список статей, помещенных в сборнике, в хронологическом порядке: с. 727-732. 
610 1 |a биохимия 
610 1 |a научные исследования 
675 |a 577.1  |v 3 
700 1 |a Бах  |b А. Н.  |c российский биохимик  |f 1857-1946  |g Алексей Николаевич  |2 stltpush  |3 (RuTPU)RU\TPU\pers\6736  |9 1247 
712 0 2 |a Академия наук СССР (АН СССР)  |2 stltpush  |3 (RuTPU)RU\TPU\col\722 
801 1 |a RU  |b 63413507  |c 20140306 
801 2 |a RU  |b 63413507  |c 20221220  |g RCR 
942 |c BK